000
00321 a2200133 4500
001
152641
040
_c
Escola São Tomás de Aquino
100
_a
CLAVER, Ronald
240
1
0
_a
A última sessão de cinema
_l
por
245
1
0
_a
A última sessão de cinema
440
1
_a
FTD
697
_a
*LITERATURA JUVENIL
942
_c
BK
999
_c
152641
_d
152641